El desarrollo social y económico como base de la planificación familiar /

Estudio sobre cómo los patrones de desarrollo social y económico influyen en los procesos de planificación familiar, a la inversa de otros trabajos que presentan el desarrollo como consecuencia de los proyectos de control del crecimiento demográfico. El autor argumentaba que en un creciente número d...

Descripción completa

Guardado en:
Detalles Bibliográficos
Autor principal: Rich, William (autor)
Formato: Libro
Idioma:Español
Publicado: México : Limusa, 1976, c1976
Temas:
Etiquetas: Agrega una etiqueta
Sin etiquetas, Sé el primero en etiquetar este registro!

MARC

LEADER 00000nam^a2200000^a^4500
001 000427942
005 20250521000000.0
009 20260526144600.815
037 |a Acervo Xavier Clavigero 
041 |a ESP 
082 |a 613. 94  |b RIC 
100 |a Rich, William  |e (autor) 
240 1 4 |a [El desarrollo social y económico como base de la planificación familiar] 
245 1 3 |a El desarrollo social y económico como base de la planificación familiar /  |c W. Rich ; tr. por Rosemary Eustace Jenkins. 
264 4 |a México :  |b Limusa,  |c 1976, c1976 
300 |a 92 p., [3 tablas] 
336 |a texto  |b txt  |2 rdacontenido 
337 |a sin mediación  |b n  |2 rdamedio 
338 |a volumen  |b nc  |2 rdasoporte 
500 |a Traducción de: Smaller Families through Social and Economic Progress 
520 |a Estudio sobre cómo los patrones de desarrollo social y económico influyen en los procesos de planificación familiar, a la inversa de otros trabajos que presentan el desarrollo como consecuencia de los proyectos de control del crecimiento demográfico. El autor argumentaba que en un creciente número de países en desarrollo, con un ingreso per cápita relativamente bajo y a los que habían arribado recientemente los programas de planificación familiar, el índice de natalidad había disminuido a inicios de la década de 1970, gracias a que un sector mayoritario de la población había participado previamente en beneficios socioeconómicos como los servicios de salud y educación o el empleo. 
561 |a Ex libris de Dirección General de Atención Médica Materno Infantil 
649 |a XX 
650 |a Planificación Familiar -  |z Países Subdesarrollados -  |x Tema Principal 
650 |a Control Natal -  |z Países Subdesarrollados 
650 |a Familia -  |z Países Subdesarrollados -  |x Condiciones Económicas 
650 |a Familia -  |z Países Subdesarrollados -  |x Condiciones Sociales y Culturales 
650 |a Población 
650 |a Desarrollo Económico-Social -  |z Países Subdesarrollados -  |x Tema Principal 
650 |a Política Demográfica -  |z Países Subdesarrollados 
650 |a Demografía 
650 |a Sociología 
650 |a Países Subdesarrollados -  |x Condiciones Económicas 
650 |a Países Subdesarrollados -  |x Condiciones Sociales y Culturales 
910 |a Fondo General 
920 |a Impresos - Libros 
930 |a Colección General 
905 |a 101 
901 |a 066929  |b IT1  |c ACC  |i 66929  |u 20250521 
902 |a https://opac.biblio.iteso.mx/vufind/Record/000427942